• 首页
  • 本馆介绍
  • 公告通知
  • 最新文献
  • 馆藏检索
  • 电子资源
  • 读者导购
  • 参考咨询
  • 我的图书馆
  • 登录
  • 详细信息显示
  • 放入我的书架
  • 预约/预借图书
  • 作者相关作品
  • 分类相关作品
  • 丛书相关作品
  • 出版社相关作品

书目信息

  • 表格格式
  • 工作单格式
  • 卡片格式
题名:
北京果脯
    
 
作者: 张青 编著
分册:  
出版信息: 北京   北京美术摄影出版社  2019.12
页数: 140页
开本: 25cm
丛书名: 非物质文化遗产丛书
单 册:
中图分类: TS255.41 , TS255.4
科图分类:
主题词: 果脯--guo fu--介绍--北京
电子资源:
ISBN: 978-7-5592-0329-8
000 00873nam0 2200265 450
001 2370284275
005 20231125193138.34
010    @a978-7-5592-0329-8@dCNY68.00
100    @a20210305d2019 em y0chiy50 ea
101 0  @achi
102    @aCN@b110000
105    @aa a 000yy
200 1  @a北京果脯@Abei jing guo fu@f张青编著
210    @a北京@c北京美术摄影出版社@d2019.12
215    @a140页@c彩图@d25cm
225 2  @a非物质文化遗产丛书@Afei wu zhi wen hua yi chan cong shu
320    @a有书目 (第118-119页)
330    @a本书主要内容包括: 北京果脯概说、北京果脯制作技艺、北京果脯传统习俗、北京果脯的传承发展、北京果脯的社会影响。
410  0 @12001 @a非物质文化遗产丛书
606 0  @a果脯@Aguo fu@x介绍@y北京
690    @aTS255.41@v5
690    @aTS255.4@v4
701  0 @a张青@Azhang qing@4编著
801    @aCN@b山东中教@c20231121
905    @aBZT@dTS255.4@e103
    
    北京果脯/张青编著.-北京:北京美术摄影出版社,2019.12
    140页:彩图;25cm.-(非物质文化遗产丛书)
    
    
    ISBN 978-7-5592-0329-8:CNY68.00
    本书主要内容包括: 北京果脯概说、北京果脯制作技艺、北京果脯传统习俗、北京果脯的传承发展、北京果脯的社会影响。
●
相关链接 在五车中查询图书 在当当中查询图书 在豆瓣中查询图书


正题名:北京果脯     索取号:TS255.4/103         预约/预借

序号 登录号 条形码 馆藏地/架位号 状态 备注
1 2001049076   2001049076   中教第一批/山东中教(第二书库)/750/ [索取号:TS255.4/103] 在馆    
2 2001049077   2001049077   中教第一批/山东中教(第二书库)/750/ [索取号:TS255.4/103] 在馆    
3 2001049078   2001049078   中教第一批/山东中教(第二书库)/750/ [索取号:TS255.4/103] 在馆    
4 2001049079   2001049079   中教第一批/山东中教(第二书库)/750/ [索取号:TS255.4/103] 在馆    
5 2001049080   2001049080   中教第一批/山东中教(第二书库)/750/ [索取号:TS255.4/103] 在馆    
6 2001049081   2001049081   中教第一批/山东中教(第二书库)/750/ [索取号:TS255.4/103] 在馆    
山东省滨州职业学院图书馆 欢迎您!
大连网信软件有限公司© 版权所有